Statistics for Born in Anchorage/Alaska

Click here to take the quiz!

General Stats

  • This quiz has been taken 9 times
  • The average score is 5 of 8

Answer Stats

HintAnswer% Correct
Former pitcher who played for the Boston Red Sox, Philadelphia Phillies and Arizona Diamondbacks, now he works as a conservative commentator1966Curt Schilling
100%
Goaltender who plays for the Boston Bruins1998Jeremy Swayman
75%
Actress, known for her role as Alexandra Borgia in "Law & Order"1975Annie Parisse
50%
Actor, best known for his role as Hector "Zero" Zeroni in "Holes"1989Khleo Thomas
50%
Mixed martial artist who competes in the UFC women's flyweight rankings1983Lauren Murphy
50%
Swimmer and she won the 100 m breaststroke Olympic gold medal in 20202004Lydia Jacoby
50%
Senator from Alaska from 2009 to 20151962Mark Begich
50%
Actor, "The Magnificent Seven" "Westworld" "Wind River"1985Martin Sensmeier
50%

Score Distribution

Percentile by Number Answered

Percent of People with Each Score

Your Score History

You have not taken this quiz